| 000 | 01105nam a2200265 a 4500 | ||
|---|---|---|---|
| 001 | 000036350 | ||
| 005 | 20200930075701.0 | ||
| 008 | 120113s1988 sp a 000 0 spa d | ||
| 020 | _a8475921973 | ||
| 040 |
_aDO-SdBNP _bspa _cBNPHU |
||
| 082 |
_axxxx _bA238a |
||
| 240 | 0 | 0 |
_aGiving cardiovascular drugs safely, 2ª ed. _lEspañol |
| 245 | 0 | 0 |
_aAdministración de fármacos cardiovasculares / _cclinical editor, Barbara McVan ; traducción Antoni Peris ; revisión de la edición española Pilar Vilagrasa y Margarita Peya ; prólogo Pilar Vilagrasa, y Margarita Peya ; prefacio Edith McCarter Randall. |
| 260 |
_aBarcelona : _bDoyma, _c1988. |
||
| 300 |
_a189 p. : _bil. ; _c24 cm. |
||
| 490 | 1 | _aAtención integral en enfermería. | |
| 500 | _aIncluye índice de materias | ||
| 504 | _aBibliografía : p. 189 | ||
| 590 | _aInventariado, 2019 /LP | ||
| 700 | 1 |
_aMacVan, Barbara, _eed. _962525 |
|
| 700 | 1 |
_aPeris, Antoni, _etraducción _962526 |
|
| 700 | 1 |
_aVilagrasa, Pilar, _eedición _962527 |
|
| 700 | 1 |
_aPeya, Margarita, _eedición _962528 |
|
| 830 | 0 |
_aAtención integral en enfermería. _962529 |
|
| 999 |
_c35841 _d35841 |
||